|
|
|
|
| LEADER |
00000naa2a2200000 4500 |
| 001 |
612775 |
| 005 |
20240205111135.0 |
| 035 |
|
|
|a (RuTPU)RU\TPU\conf\10906
|
| 035 |
|
|
|a RU\TPU\conf\10903
|
| 090 |
|
|
|a 612775
|
| 100 |
|
|
|a 20150626d2015 k y0rusy50 ca
|
| 101 |
0 |
|
|a rus
|
| 102 |
|
|
|a RU
|
| 105 |
|
|
|a y z 101zy
|
| 135 |
|
|
|a drgn ---uucaa
|
| 181 |
|
0 |
|a i
|
| 182 |
|
0 |
|a b
|
| 200 |
1 |
|
|a Моделирование поглощения электронного пучка микротрона модифицированным ABS-пластиком
|f И. А. Милойчикова, С. Г. Стучебров, Г. К. Жаксыбаева
|
| 203 |
|
|
|a Текст
|c электронный
|
| 225 |
1 |
|
|a Радиационные и пучково-плазменные технологии в науке, технике и медицине
|
| 300 |
|
|
|a Заглавие с титульного экрана
|
| 320 |
|
|
|a [Библиогр.: с. 227 (3 назв.)]
|
| 337 |
|
|
|a Adobe Reader
|
| 463 |
|
0 |
|0 (RuTPU)RU\TPU\conf\10637
|t Физико-технические проблемы в науке, промышленности и медицине
|o сборник тезисов докладов VII Международной научно-практической конференции, г. Томск, 3-6 июня 2015 г.
|f Национальный исследовательский Томский политехнический университет (ТПУ) ; под ред. А. Н. Дьяченко [и др.]
|v [С. 227]
|d 2015
|
| 610 |
1 |
|
|a труды учёных ТПУ
|
| 610 |
1 |
|
|a электронный ресурс
|
| 610 |
1 |
|
|a поглощение
|
| 610 |
1 |
|
|a электронные пучки
|
| 610 |
1 |
|
|a микротроны
|
| 610 |
1 |
|
|a пластики
|
| 700 |
|
1 |
|a Милойчикова
|b И. А.
|c физик
|c доцент Томского политехнического университета, кандидат физико-математических наук
|f 1988-
|g Ирина Алексеевна
|3 (RuTPU)RU\TPU\pers\35464
|9 18661
|
| 701 |
|
1 |
|a Стучебров
|b С. Г.
|c физик
|c доцент Томского политехнического университета, кандидат физико-математических наук
|f 1981-
|g Сергей Геннадьевич
|3 (RuTPU)RU\TPU\pers\31441
|9 15603
|
| 701 |
|
1 |
|a Жаксыбаева
|b Г. К.
|
| 712 |
0 |
2 |
|a Национальный исследовательский Томский политехнический университет (ТПУ)
|b Физико-технический институт (ФТИ)
|b Кафедра прикладной физики (№ 12) (ПФ)
|3 (RuTPU)RU\TPU\col\18729
|
| 801 |
|
2 |
|a RU
|b 63413507
|c 20210210
|g RCR
|
| 856 |
4 |
|
|u http://earchive.tpu.ru/handle/11683/17457
|
| 856 |
4 |
|
|u http://www.lib.tpu.ru/fulltext/c/2015/C49/196.pdf
|
| 942 |
|
|
|c BK
|